[Event "GER-chT U12"]
[Site "Magdeburg"]
[Date "2023.12.29"]
[Round "6.7"]
[White "Mosch, Cornelius"]
[Black "Zhou, Louis Yuchen"]
[Result "0-1"]
[WhiteElo "1107"]
[BlackElo "963"]
[PlyCount "76"]
[EventDate "2023.12.26"]
[EventType "team-swiss"]
[EventRounds "7"]
[EventCountry "GER"]
[SourceTitle "CB03_2024"]
[SourceDate "2024.01.17"]
[SourceVersion "1"]
[SourceVersionDate "2024.01.17"]
[SourceQuality "1"]
[WhiteTeam "Bad Homburg"]
[BlackTeam "Brackel"]
[WhiteTeamCountry "GER"]
[BlackTeamCountry "GER"]

1. e4 e5 2. Nf3 Nc6 3. Bc4 Bc5 4. c3 Nf6 5. d4 exd4 6. e5 Ng4 7. Ng5 Ngxe5 8. Qe2 Qe7 9. Nxf7 Nxf7 10. Qxe7+ Nxe7 11. 0-0 d5 12. Bd3 Bd7 13. Bf4 0-0-0 14. b4 Bd6 15. Bxd6 Nxd6 16. cxd4 Nef5 17. Nc3 Nxd4 18. Nxd5 Bf5 19. Rfd1 Bxd3 20. Rxd3 Ne6 21. a4 Rhe8 22. b5 Nc4 23. Rc3 Rxd5 24. Rxc4 Red8 25. Rcc1 Nc5 26. Re1 Nd3 27. Red1 Nb2 28. Re1 Rd4 29. a5 R4d5 30. g3 Rxb5 31. Re7 Rd1+ 32. Rxd1 Nxd1 33. Rxg7 c5 34. Rg4 Nb2 35. Re4 c4 36. Re2 c3 37. Re3 Rc5 38. Re1 c2 0-1